Faculty of Law Library — Cairo University

Official Online Catalog

Asistenţa Juridică Internaţională În Materie Penala / (Record no. 73256)

MARC details
000 -LEADER
fixed length control field 01024nam a2200301 i 4500
003 - CONTROL NUMBER IDENTIFIER
control field EG-GICUC
005 - DATE AND TIME OF LATEST TRANSACTION
control field 20260423205511.0
008 - FIXED-LENGTH DATA ELEMENTS--GENERAL INFORMATION
fixed length control field 260423s1975 rm ||||f |||| 00| 0 rum d
040 ## - CATALOGING SOURCE
Original cataloging agency EG-GiCUC
Language of cataloging rum
Transcribing agency EG-GiCUC
Modifying agency EG-GiCUC
Description conventions Rda
041 ## - LANGUAGE CODE
Language code of text/sound track or separate title rum
082 04 - DEWEY DECIMAL CLASSIFICATION NUMBER
Edition number 21
Classification number 343.80498
Item number ST . A
092 04 - LOCALLY ASSIGNED DEWEY CALL NUMBER (OCLC)
Edition number 21
099 ## - LOCAL FREE-TEXT CALL NUMBER (OCLC)
Classification number Law110 343.80498 ST . A 1975 1011244 C1
100 1# - MAIN ENTRY--PERSONAL NAME
Personal name Stanoiu, Rodica Mihaela
Relator term Auteur
245 12 - TITLE STATEMENT
Title Asistenţa Juridică Internaţională În Materie Penala /
Statement of responsibility, etc. Rodica Mihaela Stanoiu.
264 #1 - PRODUCTION, PUBLICATION, DISTRIBUTION, MANUFACTURE, AND COPYRIGHT NOTICE
Place of production, publication, distribution, manufacture Bucureşti :
Name of producer, publisher, distributor, manufacturer Editura Academiei Republicii Socialiste România,
Date of production, publication, distribution, manufacture, or copyright notice 1975.
300 ## - PHYSICAL DESCRIPTION
Extent 201 pages ;
Dimensions 24 cm.
336 ## - CONTENT TYPE
Source rda contenu
Content type term texte
337 ## - MEDIA TYPE
Source rda medias
Media type term Ordinateur
338 ## - CARRIER TYPE
Source transporteur rda
Carrier type term Ressource en ligne
546 ## - LANGUAGE NOTE
Language note Texte en français
650 14 - SUBJECT ADDED ENTRY--TOPICAL TERM
Topical term or geographic name entry element Științe aliate
General subdivision Drept penal
650 14 - SUBJECT ADDED ENTRY--TOPICAL TERM
Topical term or geographic name entry element Drept penal
651 1# - SUBJECT ADDED ENTRY--GEOGRAPHIC NAME
Geographic name România
General subdivision Legi și legislație
856 40 - ELECTRONIC LOCATION AND ACCESS
Uniform Resource Identifier <a href="https://fll.law.cu.edu.eg/fulltext/bks/B10-11244.pdf">https://fll.law.cu.edu.eg/fulltext/bks/B10-11244.pdf</a>
905 ## - Cataloger and Reviser Names
Cataloger Name: Mohamed Yosri
942 ## - ADDED ENTRY ELEMENTS (KOHA)
Source of classification or shelving scheme Dewey Decimal Classification
Suppress in OPAC No
Koha item type Books
Edition 21
Holdings
Withdrawn status Lost status Source of classification or shelving scheme Damaged status Not for loan Collection Home library Current library Date acquired Total checkouts Full call number Barcode Date last seen Copy number Price effective from Koha item type
    Dewey Decimal Classification   Not for loan القانون الجنائي جــــامعة القــاهرة مكتبة كلية الحقوق - المبنى الرئيسي 23.04.2026   Law110 343.80498 ST . A 1975 1011244 C1 B10-11244 23.04.2026 1 23.04.2026 Books

© All rights reserved — Faculty of Law, Cairo University